Normal view
MARC view
Entry Personal Name
001 - CONTROL NUMBER
- control field: 3978
003 - CONTROL NUMBER IDENTIFIER
- control field: BD-RjUL
005 - DATE AND TIME OF LATEST TRANSACTION
- control field: 20220630160750.0
008 - FIXED-LENGTH DATA ELEMENTS
- fixed length control field: 220630|| aca||aabn | a|a d
040 ## - CATALOGING SOURCE
- Original cataloging agency: BD-RjUL
- Transcribing agency: BD-RjUL
100 ## - HEADING--PERSONAL NAME
- Personal name: Kabir, Md. Ekramul
670 ## - SOURCE DATA FOUND
- Source citation: Work cat.: (BD-RjUL)80073: Kabir, Md. Ekramul, Enforcement of Human Rights Law in The National Courts With Special Reference to the UN Torture Convention :, 2015